02512 2201069 4500001002100000005001500021035002000036007000300056008004100059020002200100082000800122084001900130100001600149245002900165260003100194300001700225990001600242990001600258990001600274990001600290990001600306990001600322990001600338990001600354990001600370990001600386990001600402990001600418990001600434990001600450990001600466990001600482990001600498990001600514990001600530990001600546990001600562990001600578990001600594990001600610990001600626990001600642990001600658990001600674990001600690990001600706990001600722990001600738990001600754990001600770990001600786990001600802990001600818990001600834990001600850990001600866990001600882990001600898990001600914990001600930990001600946990001600962990001600978990001600994990001601010990001601026990001601042990001601058990001601074990001601090990001601106990001601122990001601138990001601154990001601170990001601186990001601202990001601218990001601234990001601250990001601266990001601282990001601298990001601314990001601330990001601346990001601362990001601378990001601394990001601410990001601426INLIS00000000000182220240828084826 a0010-0824000028ta240828 g 0 ind  a978-623-180-578-2 a330 a330 ALA e.c.750 aAlam S, dkk1 aEkonomi Kelas XII Kurmer aJakarta :bErlangga,c2024 a260 ;c25 cm a2024/P/1971 a2024/P/1972 a2024/P/1973 a2024/P/1974 a2024/P/1975 a2024/P/1976 a2024/P/1977 a2024/P/1978 a2024/P/1979 a2024/P/1980 a2024/P/1981 a2024/P/1982 a2024/P/1983 a2024/P/1984 a2024/P/1985 a2024/P/1986 a2024/P/1987 a2024/P/1988 a2024/P/1989 a2024/P/1990 a2024/P/1991 a2024/P/1992 a2024/P/1993 a2024/P/1994 a2024/P/1995 a2024/P/1996 a2024/P/1997 a2024/P/1998 a2024/P/1999 a2024/P/2000 a2024/P/2001 a2024/P/2002 a2024/P/2003 a2024/P/2004 a2024/P/2005 a2024/P/2006 a2024/P/2007 a2024/P/2008 a2024/P/2009 a2024/P/2010 a2024/P/2011 a2024/P/2012 a2024/P/2013 a2024/P/2014 a2024/P/2015 a2024/P/2016 a2024/P/2017 a2024/P/2018 a2024/P/2019 a2024/P/2020 a2024/P/2021 a2024/P/2022 a2024/P/2023 a2024/P/2024 a2024/P/2025 a2024/P/2026 a2024/P/2027 a2024/P/2028 a2024/P/2029 a2024/P/2030 a2024/P/2031 a2024/P/2032 a2024/P/2033 a2024/P/2034 a2024/P/2035 a2024/P/2036 a2024/P/2037 a2024/P/2038 a2024/P/2039 a2024/P/2040 a2024/P/2041 a2024/P/2042 a2024/P/2043 a2024/P/2044 a2024/P/2045